[Event "VIE-chT"]
[Site "Ho Chi Minh City"]
[Date "2019.09.30"]
[Round "7.36"]
[White "Tran, Hoang Phuc"]
[Black "Do, Thanh Dat"]
[Result "0-1"]
[WhiteElo "1181"]
[BlackElo "1911"]
[PlyCount "116"]
[EventDate "2019.09.26"]
[EventType "team-swiss"]
[EventRounds "9"]
[EventCountry "VIE"]
[SourceTitle "EXT 2020"]
[Source "ChessBase"]
[SourceDate "2019.10.17"]
[SourceVersion "1"]
[SourceVersionDate "2019.10.17"]
[SourceQuality "1"]

1. Nf3 Nf6 2. d4 d5 3. c4 c6 4. Nc3 dxc4 5. e4 b5 6. a4 b4 7. Na2 Nxe4 8. Bxc4 e6 9. Qc2 Nf6 10. Bg5 Be7 11. 0-0 a5 12. Bd3 h6 13. Bf4 0-0 14. b3 Bb7 15. Rad1 Nbd7 16. Ne5 Rc8 17. Rfe1 Nd5 18. Bd2 c5 19. Nxd7 Qxd7 20. dxc5 Bxc5 21. Bc4 Qc6 22. Qe4 Nf6 23. Qxc6 Bxc6 24. Nc1 Rfd8 25. Nd3 Bd4 26. Nf4 Nd5 27. Ne2 Nc3 28. Bxc3 Bxc3 29. Nxc3 bxc3 30. Rc1 Bxa4 31. Ba6 Rc6 32. bxa4 Rxa6 33. Rxc3 Rd4 34. Ra1 Rb6 35. g3 Rbb4 36. Rca3 e5 37. Kg2 e4 38. R1a2 f5 39. Kf1 Kf7 40. Ke2 Ke6 41. Ke3 g5 42. Rc3 Rxa4 43. Rxa4 Rxa4 44. Rc6+ Kd5 45. Rxh6 Ra3+ 46. Ke2 g4 47. Rf6 Ke5 48. Ra6 Kd4 49. Rd6+ Kc4 50. Rf6 Rf3 51. Rc6+ Kb4 52. Rb6+ Ka3 53. Ra6 a4 54. Ra7 Kb3 55. Rb7+ Ka2 56. Rd7 a3 57. Rd2+ Kb3 58. Rd7 a2 0-1

[Event "VIE-chT"]
[Site "Ho Chi Minh City"]
[Date "2019.09.28"]
[Round "4.31"]
[White "Vu, Thi Dieu Uyen"]
[Black "Tran, Hoang Phuc"]
[Result "1-0"]
[WhiteElo "1757"]
[BlackElo "1181"]
[PlyCount "101"]
[EventDate "2019.09.26"]
[EventType "team-swiss"]
[EventRounds "9"]
[EventCountry "VIE"]
[SourceTitle "EXT 2020"]
[Source "ChessBase"]
[SourceDate "2019.10.17"]
[SourceVersion "1"]
[SourceVersionDate "2019.10.17"]
[SourceQuality "1"]

1. d4 Nf6 2. Bf4 e6 3. e3 d5 4. Bd3 Bb4+ 5. c3 Bd6 6. Bxd6 Qxd6 7. f4 b6 8. Nd2 c5 9. Nh3 h6 10. 0-0 0-0 11. Kh1 Ba6 12. Nf3 Ng4 13. Bxa6 Nxa6 14. Qe2 Nc7 15. Ne5 Nxe5 16. fxe5 Qe7 17. Nf4 g6 18. Rf3 Kg7 19. Rg3 Kh7 20. Qc2 Rg8 21. Nh5 Ne8 22. Rf1 Rc8 23. Rgf3 Rc7 24. g4 Rf8 25. Nf6+ Nxf6 26. exf6 Qd6 27. Rh3 e5 28. g5 Rh8 29. Rxh6+ Kg8 30. Rxh8+ Kxh8 31. Qf2 exd4 32. cxd4 cxd4 33. exd4 Kg8 34. Re1 Qf8 35. Qe2 Qc8 36. Qe8+ Kh7 37. Qxc8 Rxc8 38. Re7 Kg8 39. Rxa7 Rc1+ 40. Kg2 Rc2+ 41. Kg3 Rxb2 42. Ra8+ Kh7 43. Rf8 Rxa2 44. Rxf7+ Kh8 45. Rd7 Kg8 46. Rxd5 Rb2 47. Rd7 b5 48. Rb7 b4 49. h4 b3 50. h5 gxh5 51. g6 1-0

[Event "VIE-chT"]
[Site "Ho Chi Minh City"]
[Date "2019.09.27"]
[Round "3.36"]
[White "Tran, Hoang Phuc"]
[Black "Nguyen, Le Duc Minh"]
[Result "1-0"]
[WhiteElo "1181"]
[BlackElo "1900"]
[PlyCount "72"]
[EventDate "2019.09.26"]
[EventType "team-swiss"]
[EventRounds "9"]
[EventCountry "VIE"]
[SourceTitle "EXT 2020"]
[Source "ChessBase"]
[SourceDate "2019.10.17"]
[SourceVersion "1"]
[SourceVersionDate "2019.10.17"]
[SourceQuality "1"]

1. Nf3 d5 2. e4 dxe4 3. Ng5 Bf5 4. Nc3 Nf6 5. Qe2 Bg4 6. Qb5+ Bd7 7. Qxb7 Bc6 8. Bb5 Bxb5 9. Nxb5 Na6 10. Qxa6 h6 11. Qc6+ Qd7 12. Qxa8+ Qd8 13. Qc6+ Qd7 14. Nxc7+ Kd8 15. Nxf7+ Kc8 16. Qxd7+ Kxd7 17. Nxh8 Kxc7 18. Ng6 Nd7 19. 0-0 e5 20. Nxf8 Nxf8 21. Re1 Kd6 22. Rxe4 Kd5 23. Ra4 Kc6 24. Rxa7 g5 25. Ra6+ Kd5 26. Rxh6 Ne6 27. a4 Nc5 28. a5 Kd4 29. a6 Nxa6 30. Raxa6 g4 31. Ra4+ Kc5 32. Rh5 Kb6 33. Re4 Kc6 34. Rg5 Kd6 35. Rg6+ Ke7 36. Rg7+ Kf8 1-0